000 00358nam a2200157Ia 4500
008 210210b1958 xxu||||| |||| 00| 0 eng d
041 _aeng
082 _a425/319
100 _aWALL (Arnold)
245 _aQueens English
260 _aNewzeland
_bPegasus
_c1958
650 _aQueens
650 _aEnglish
690 _aEnglish Language
906 _a006095
999 _c129129
_d129129